| 000 | 00566nam a2200181 a 4500 | ||
|---|---|---|---|
| 001 | 3067 | ||
| 005 | 20140414131846.0 | ||
| 008 | 060131s19uu xx 00 eng d | ||
| 020 | _a81-243-0570-6 | ||
| 050 |
_aM 371.3 _bSt3 2000 |
||
| 100 | _aStephens, Margaret | ||
| 245 |
_aComputers for beginners / _cMargaret Stephens & Rebecca Treays ; edited by Philippa Wingate & Jane Chisholm. |
||
| 260 |
_aMumbai : _bNavneet (India), _c2000. |
||
| 300 | _a48 p. : ill. ; cm. | ||
| 440 | _aComputer guides | ||
| 650 | _aMethods of instruction & study. | ||
| 999 |
_c109956 _d109956 |
||